| 000 | 00707nam a2200229 i 4500 | ||
|---|---|---|---|
| 003 | DO-SdBNP | ||
| 005 | 20250506085752.0 | ||
| 007 | ta | ||
| 008 | 250506b2017 dr ac||| |||| 00| 0 eng d | ||
| 040 |
_aDO-SdBNP _bspa _cBNPHU _erda |
||
| 041 | _hspa | ||
| 082 | 4 |
_axxx _bC175 _222 |
|
| 245 | 1 | 3 |
_aNos cambio la vida : _bmemorias personales de jóvenes de ascendencia haitiana afectados por la sentencia 168-13 |
| 264 |
_aSanto Domingo : _bCentro Bonó, _c2017 |
||
| 300 |
_a109 páginas : _bilustraciones ; _c22 cm |
||
| 336 |
_2rdacontent _atexto _btxt |
||
| 337 |
_2rdamedia _asin mediación _bn |
||
| 338 |
_2rdacarrier _avolumen _bnc |
||
| 590 | _aInventariado, 2025/DG | ||
| 910 | _aDG | ||
| 942 |
_2ddc _cLBS1 |
||
| 999 |
_c58929 _d58929 |
||